| 000 | 02273nam2a2200301 4500 | ||
|---|---|---|---|
| 001 | RU\NLR\BIBL_A\022604052 | ||
| 005 | 20260607064955.0 | ||
| 021 |
_aRU _bКН-П-25-037395 _9КН-П-25-3668 |
||
| 035 | _a(NLR Aleph) 022604052 | ||
| 090 |
_a13509340 _c13509340 |
||
| 100 | _a20250819d2025 k y0rusy50 ca | ||
| 101 | 0 |
_arus _deng |
|
| 102 | _aRU | ||
| 105 | _aab z 100yy | ||
| 200 | 0 |
_aВып. 31 _eматериалы докладов XXXI Всероссийской научно-практической конференции (с международным участием) "Сохранение и изучение культурного наследия Алтайского края" _fМинистерство науки и высшего образования РФ Алтайский государственный университет _gглавный редактор: А. А. Тишкин |
|
| 210 | _d2025 | ||
| 215 |
_a407 с. _cил., табл., карты |
||
| 300 | _aРез. англ. | ||
| 320 | _aБиблиогр. в конце ст. | ||
| 461 | 0 |
_1001RU\NLR\bibl\64509 _12001#$aСохранение и изучение культурного наследия Алтайского края$eМатериалы науч.-практ. конф.$f[Редкол.: д.ист.н. Ю.Ф. Кирюшин - отв. ред. и др.]$vВып. 31 _9343854 _cБарнаул _d1998- _f[Редкол.: д.ист.н. Ю.Ф. Кирюшин - отв. ред. и др.] _nИзд-во АГУ _oМатериалы науч.-практ. конф. _tСохранение и изучение культурного наследия Алтайского края _vВып. 31 |
|
| 702 | 1 |
_8rus _7ca _aТишкин _bА. А. _f1963- _gАлексей Алексеевич _3RU\NLR\AUTH\7727308 _910343 |
|
| 711 | 1 | 2 |
_a"Сохранение и изучение культурного наследия Алтайского края", всероссийская научно-практическая конференция (с международным участием) _d31 _eБарнаул _f2025 _92674398 _3RU\NLR\AUTH\880630204 |
| 852 |
_aNLR _j97-3/8183 |
||
| 942 | _cBOOK | ||
| 980 | _aNB | ||